Electric Circuit (Record no. 3263)

MARC details
000 -LEADER
fixed length control field 00334nam a2200145Ia 4500
008 - FIXED-LENGTH DATA ELEMENTS--GENERAL INFORMATION
fixed length control field 191201s1998 xx 000 0 und d
082 ## - DEWEY DECIMAL CLASSIFICATION NUMBER
Classification number 621.319
Item number BEE
100 ## - MAIN ENTRY--PERSONAL NAME
Personal name BELL, David A
245 #0 - TITLE STATEMENT
Title Electric Circuit
250 ## - EDITION STATEMENT
Edition statement 6th
260 ## - PUBLICATION, DISTRIBUTION, ETC. (IMPRINT)
Place of publication, distribution, etc N.Delhi
Name of publisher, distributor, etc Prentice Hall
Date of publication, distribution, etc 1998
300 ## - PHYSICAL DESCRIPTION
Extent 867
650 ## - SUBJECT ADDED ENTRY--TOPICAL TERM
Topical term or geographic name as entry element B.Tech(IT)
942 ## - ADDED ENTRY ELEMENTS (KOHA)
Source of classification or shelving scheme Dewey Decimal Classification
Koha item type Text Books
Holdings
Withdrawn status Lost status Source of classification or shelving scheme Damaged status Not for loan Collection code Home library Current library Date acquired Source of acquisition Cost, normal purchase price Bill Number Total Checkouts Full call number Acc. no. / Barcode Date last seen Bill Date Koha item type Date last borrowed
    Dewey Decimal Classification     B.Tech(ECE) PIET C-LIBRARY PIET C-LIBRARY 26/08/2007 UDH, Delhi 350.00 949   621.319 BEE 8093 04/12/2019 07/09/2007 Text Books  
    Dewey Decimal Classification     B.Tech(ECE) PIET C-LIBRARY PIET C-LIBRARY 26/08/2007 UDH, Delhi 350.00 949 1 621.319 BEE 8094 25/09/2023 07/09/2007 Text Books 21/09/2023
    Dewey Decimal Classification     B.Tech(ECE) PIET C-LIBRARY PIET C-LIBRARY 26/08/2007 UDH, Delhi 350.00 949   621.319 BEE 8095 04/12/2019 07/09/2007 Text Books  
    Dewey Decimal Classification     B.Tech(ECE) PIET C-LIBRARY PIET C-LIBRARY 26/08/2007 UDH, Delhi 350.00 949   621.319 BEE 8096 04/12/2019 07/09/2007 Text Books  
    Dewey Decimal Classification     B.Tech(ECE) PIET C-LIBRARY PIET C-LIBRARY 26/08/2007 UDH, Delhi 350.00 949   621.319 BEE 8097 04/12/2019 07/09/2007 Text Books  

Design & Developed by: PIET Central Library
R70 Miles Stone Pattikalyana Samalkha Panipat 132102
mail ID :- [email protected], Phone No:- 0180-2569700 Ex.216